| Tag |
First Indicator |
Second Indicator |
Subfields |
| LEADER |
00000cam a2200000 a 4500 |
| 001 |
in00000029190 |
| 005 |
20151007060125.0 |
| 008 |
861106s1987 nyu 00011 eng |
| 010 |
|
|
|a 86028950
|
| 020 |
|
|
|a 0531150437
|
| 035 |
|
|
|a (OCoLC)14818810
|
| 035 |
|
|
|9 AAC0111AM
|
| 040 |
|
|
|a DLC
|c DLC
|d m/c
|d TXA
|d UtOrBLW
|
| 049 |
|
|
|a TXAS
|c [A09880153]
|
| 050 |
0 |
0 |
|a PT2671.O425
|b J4413 1987
|
| 100 |
1 |
|
|a Koman, Victor.
|
| 240 |
1 |
0 |
|a Jehova-Vertrag.
|l English
|
| 245 |
1 |
4 |
|a The Jehovah contract /
|c Victor Koman.
|
| 264 |
|
1 |
|a New York :
|b F. Watts,
|c 1987.
|
| 300 |
|
|
|a 277 pages ;
|c 24 cm.
|
| 336 |
|
|
|a text
|b txt
|2 rdacontent
|
| 337 |
|
|
|a unmediated
|b n
|2 rdamedia
|
| 338 |
|
|
|a volume
|b nc
|2 rdacarrier
|
| 500 |
|
|
|a Translation of: Der Jehova-Vertrag.
|
| 999 |
|
|
|a MARS
|
| 999 |
f |
f |
|s f3cef3cf-e69d-3c88-8ef8-480e1540d54e
|i 49d56ad7-24cd-35a9-b88e-5e9a41c3305e
|t 0
|
| 952 |
f |
f |
|p noncirc
|a Texas A&M University
|b College Station
|c Cushing Memorial Library & Archives
|d Cushing: Science Fiction (Does not check out)
|t 0
|e PT2671.O425 J4413 1987
|h Library of Congress classification
|i unmediated -- volume
|m A14809880153
|
| 998 |
f |
f |
|a PT2671.O425 J4413 1987
|t 0
|l Cushing: Science Fiction (Does not check out)
|